header

Maimonides' political thought (Record no. 208481)

MARC details
000 -LEADER
fixed length control field 01670nam a2200433Ia 4500
082 04 - DEWEY DECIMAL CLASSIFICATION NUMBER
Classification number 320/.092
100 1# - MAIN ENTRY--AUTHOR NAME
Personal name Kreisel, Howard T.
245 10 - TITLE STATEMENT
Title Maimonides' political thought
260 ## - PUBLICATION, DISTRIBUTION, ETC. (IMPRINT)
Place of publication Albany :
Name of publisher State University of New York Press,
Year of publication c1999.
300 ## - PHYSICAL DESCRIPTION
Number of Pages x, 360 p.
650 #0 - SUBJECT ADDED ENTRY--TOPICAL TERM
Topical Term Political science
Topical Term Jewish philosophy.
Topical Term Philosophy, Medieval.
Topical Term Intellect
Topical Term Common good.
Topical Term Perfection
Topical Term Jewish ethics.
Topical Term God (Judaism)
856 40 - ELECTRONIC LOCATION AND ACCESS
Uniform Resource Identifier http://site.ebrary.com/lib/rucke/Doc?id=10588776

No items available.

© 2026 Rongo University
Contact us: librarian | system librarian | Rongo university